| 000 | 00836nas a2200289 4500 | ||
|---|---|---|---|
| 001 | BR2015000019 | ||
| 003 | BR-BrBNA | ||
| 005 | 20231205124851.0 | ||
| 007 | ta | ||
| 008 | 230509b bl.|||p| |||| 00| 00por d | ||
| 040 |
_aBR-BrBNA _bpor _cBiblioteca Nacional de Agricultura |
||
| 041 | _a(Pt) | ||
| 072 | _aQ04 | ||
| 100 | 1 | _aSantos, L.a. | |
| 100 | 1 | _aRufino, L.R.A. | |
| 100 | 1 | _aOliveira, N. de M.S. | |
| 100 | 1 | _aFiorini, J.E. | |
| 245 | 1 | _aAvaliação da atividade antimicrobiana de Morus Nigra | |
| 650 | _aAMORA | ||
| 650 | _aEXTRATO DE FRUTA | ||
| 650 | _aCOMPOSIÇÃO QUÍMICA | ||
| 650 | _aBACTÉRIA | ||
| 650 | _aFUNGO | ||
| 773 | 0 |
_tHigiene Alimentar (Brazil) _xISSN 0101-9171 _g(Sep-Oct 2015), v. 27(224-225) p. 125-128 _wBR2015000019 |
|
| 909 |
_a202311 _bLúcia _c55 _dLúcia Elande |
||
| 942 |
_2AGRIS _n0 _cANA |
||
| 999 |
_c241321 _d241321 |
||